Statistics for World Capitals Quiz but you have an hour

Click here to take the quiz!

General Stats

  • This quiz has been taken 5 times
  • The average score is 130 of 196

Answer Stats

CountryCapital City% Correct
AlgeriaAlgiers
100%
NetherlandsAmsterdam
100%
AndorraAndorra la Vella
100%
GreeceAthens
100%
IraqBaghdad
100%
ThailandBangkok
100%
ChinaBeijing
100%
LebanonBeirut
100%
GermanyBerlin
100%
SwitzerlandBern
100%
BelgiumBrussels
100%
HungaryBudapest
100%
ArgentinaBuenos Aires
100%
EgyptCairo
100%
AustraliaCanberra
100%
DenmarkCopenhagen
100%
SenegalDakar
100%
SyriaDamascus
100%
BangladeshDhaka
100%
QatarDoha
100%
IrelandDublin
100%
GuatemalaGuatemala City
100%
VietnamHanoi
100%
FinlandHelsinki
100%
PakistanIslamabad
100%
IndonesiaJakarta
100%
IsraelJerusalem
100%
AfghanistanKabul
100%
UkraineKiev
100%
JamaicaKingston
100%
Saint Vincent and the
Grenadines
Kingstown
100%
MalaysiaKuala Lumpur
100%
KuwaitKuwait City
100%
PortugalLisbon
100%
United KingdomLondon
100%
LuxembourgLuxembourg
100%
SpainMadrid
100%
PhilippinesManila
100%
MexicoMexico City
100%
BelarusMinsk
100%
MonacoMonaco
100%
RussiaMoscow
100%
IndiaNew Delhi
100%
NorwayOslo
100%
CanadaOttawa
100%
PanamaPanama City
100%
FranceParis
100%
Czech RepublicPrague
100%
South AfricaPretoria / Cape Town
/ Bloemfontein
100%
MoroccoRabat
100%
IcelandReykjavík
100%
LatviaRiga
100%
Saudi ArabiaRiyadh
100%
ItalyRome
100%
San MarinoSan Marino
100%
ChileSantiago
100%
South KoreaSeoul
100%
SingaporeSingapore
100%
North MacedoniaSkopje
100%
BulgariaSofia
100%
SwedenStockholm
100%
EstoniaTallinn
100%
IranTehran
100%
AlbaniaTirana
100%
JapanTokyo
100%
TunisiaTunis
100%
Vatican CityVatican City
100%
AustriaVienna
100%
PolandWarsaw
100%
United StatesWashington D.C.
100%
New ZealandWellington
100%
CroatiaZagreb
100%
United Arab EmiratesAbu Dhabi
75%
NigeriaAbuja
75%
EthiopiaAddis Ababa
75%
JordanAmman
75%
TurkeyAnkara
75%
AzerbaijanBaku
75%
SerbiaBelgrade
75%
ColombiaBogotá
75%
BrazilBrasília
75%
Republic of the CongoBrazzaville
75%
RomaniaBucharest
75%
VenezuelaCaracas
75%
East TimorDili
75%
DjiboutiDjibouti
75%
GuyanaGeorgetown
75%
ZimbabweHarare
75%
CubaHavana
75%
NepalKathmandu
75%
SudanKhartoum
75%
Democratic Republic
of the Congo
Kinshasa
75%
PeruLima
75%
SloveniaLjubljana
75%
MaldivesMalé
75%
UruguayMontevideo
75%
KenyaNairobi
75%
CyprusNicosia
75%
KazakhstanNur-Sultan
75%
HaitiPort-au-Prince
75%
Trinidad and TobagoPort-of-Spain
75%
North KoreaPyongyang
75%
EcuadorQuito
75%
El SalvadorSan Salvador
75%
Bosnia and
Herzegovina
Sarajevo
75%
TaiwanTaipei
75%
GeorgiaTbilisi
75%
LibyaTripoli
75%
LiechtensteinVaduz
75%
NamibiaWindhoek
75%
ArmeniaYerevan
75%
GhanaAccra
50%
MadagascarAntananarivo
50%
TurkmenistanAshgabat
50%
ParaguayAsunción
50%
Central African RepublicBangui
50%
KyrgyzstanBishkek
50%
SlovakiaBratislava
50%
BarbadosBridgetown
50%
Saint LuciaCastries
50%
GuineaConakry
50%
Sierra LeoneFreetown
50%
BotswanaGaborone
50%
UgandaKampala
50%
RwandaKigali
50%
BoliviaLa Paz / Sucre
50%
AngolaLuanda
50%
NicaraguaManagua
50%
BahrainManama
50%
MozambiqueMaputo
50%
SomaliaMogadishu
50%
LiberiaMonrovia
50%
ComorosMoroni
50%
OmanMuscat
50%
BahamasNassau
50%
ChadN'Djamena
50%
SurinameParamaribo
50%
CambodiaPhnom Penh
50%
MauritiusPort Louis
50%
Papua New GuineaPort Moresby
50%
BeninPorto-Novo /
Cotonou
50%
KosovoPristina
50%
DominicaRoseau
50%
Antigua and BarbudaSaint John's
50%
YemenSana'a
50%
Costa RicaSan José
50%
Dominican RepublicSanto Domingo
50%
São Tomé and PríncipeSão Tomé
50%
FijiSuva
50%
UzbekistanTashkent
50%
MongoliaUlaanbaatar
50%
MaltaValletta
50%
SeychellesVictoria
50%
LaosVientiane
50%
LithuaniaVilnius
50%
CameroonYaoundé
50%
SamoaApia
25%
EritreaAsmara
25%
GambiaBanjul
25%
Saint Kitts and NevisBasseterre
25%
BelizeBelmopan
25%
Guinea-BissauBissau
25%
MoldovaChișinău
25%
TanzaniaDodoma
25%
TuvaluFunafuti
25%
Solomon IslandsHoniara
25%
South SudanJuba
25%
MalawiLilongwe
25%
TogoLomé
25%
ZambiaLusaka
25%
LesothoMaseru
25%
EswatiniMbabane
25%
NigerNiamey
25%
Burkina FasoOuagadougou
25%
MontenegroPodgorica
25%
Cape VerdePraia
25%
GrenadaSaint George's
25%
KiribatiSouth Tarawa
25%
Sri LankaSri
Jayawardenepura
Kotte
25%
HondurasTegucigalpa
25%
BhutanThimphu
25%
NauruYaren
25%
MaliBamako
0%
BruneiBandar Seri
Begawan
0%
TajikistanDushanbe
0%
BurundiGitega
0%
GabonLibreville
0%
Marshall IslandsMajuro
0%
Equatorial GuineaMalabo
0%
MyanmarNaypyidaw
0%
PalauNgerulmud
0%
MauritaniaNouakchott
0%
TongaNukuʻalofa
0%
Federated States of
Micronesia
Palikir
0%
VanuatuPort Vila
0%
Ivory CoastYamoussoukro
0%

Score Distribution

Percentile by Number Answered

Percent of People with Each Score

Your Score History

You have not taken this quiz